Datum a čas kvízu
27.5
Celkem bodů
Celkový počet nahraných bodů na tomto kvízu bez doplňovacích otázek.
8.
Pořadí na kvízu
Konečné umístění týmu na tomto kvízu.
Zaznamenané odpovědi
| # | Otázka | Odpověď | Body | Výsledky |
|---|---|---|---|---|
| 1. | Ekonomka a bývalá rektorka brn... | Danuše Nerudová | 0 | |
| 2. | Do Venezuely dorazila bílá lví... | z Hodonína | 0 | |
| 3. | Nejsledovanější kauza současno... | 15 milionů USD | 1 | |
| 4. | Dvě velké banky se v České rep... | Komerční banka, Moneta | 1 | |
| 5. | Hokejista Jaromír Jágr předsta... | konopí | 0 | |
| 6. | V dalším díle této tematické s... | arapaima | 1 | |
| 7. | Merlík čilský je rostlina z če... | quinoa | 0 | |
| 8. | Tento jihoamerický dravý pták... | kondor | 0 | |
| 9. | S podobně vypadajícím zvířetem... | ocelot | 1 | |
| 10. | Tato zelenina pochází z Jižní... | ačokča | 1 |